<?xml version="1.0" encoding="UTF-8"?>
<record
    xmlns:xsi="http://www.w3.org/2001/XMLSchema-instance"
    xsi:schemaLocation="http://www.loc.gov/MARC21/slim http://www.loc.gov/standards/marcxml/schema/MARC21slim.xsd"
    xmlns="http://www.loc.gov/MARC21/slim">

  <leader>00814nam a22001697a 4500</leader>
  <datafield tag="999" ind1=" " ind2=" ">
    <subfield code="c">22243</subfield>
    <subfield code="d">22243</subfield>
  </datafield>
  <controlfield tag="005">20201123222224.0</controlfield>
  <controlfield tag="008">140202b        ck ||||| |||| 00| 0 spa d</controlfield>
  <datafield tag="040" ind1=" " ind2=" ">
    <subfield code="a">CO-NeUS</subfield>
    <subfield code="b">spa</subfield>
    <subfield code="e">rda</subfield>
  </datafield>
  <datafield tag="100" ind1="1" ind2=" ">
    <subfield code="a">Eisenstein, Sergio</subfield>
    <subfield code="9">41280</subfield>
    <subfield code="e">autor</subfield>
  </datafield>
  <datafield tag="245" ind1="1" ind2="0">
    <subfield code="a">La forma en el cine /</subfield>
    <subfield code="c"> Sergio Eisenstein</subfield>
  </datafield>
  <datafield tag="264" ind1=" " ind2=" ">
    <subfield code="a">Medell&#xED;n : </subfield>
    <subfield code="b">Viento del Este,</subfield>
  </datafield>
  <datafield tag="300" ind1=" " ind2=" ">
    <subfield code="a">270 paginas</subfield>
    <subfield code="b">ilustraciones</subfield>
    <subfield code="c"> 21 cm.</subfield>
  </datafield>
  <datafield tag="505" ind1="0" ind2="0">
    <subfield code="a">Del teatro al cine -- Lo inesperado -- El ideograma y los principios cinematogr&#xE1;ficos -- Un acercamiento dial&#xE9;ctico a la forma cinematogr&#xE1;fica -- La cuarta dimensi&#xF3;n cinematogr&#xE1;fica -- M&#xE9;todos del montaje -- Un curso en el tratamiento -- El lenguaje del cine -- Forma cinematogr&#xE1;fica : nuevos problemas -- La estructura de una pel&#xED;cula -- Logro exitoso -- Dickens, Griffith y el cine actual --</subfield>
  </datafield>
  <datafield tag="082" ind1="0" ind2="4">
    <subfield code="a">791.43 /</subfield>
    <subfield code="b"> E36f</subfield>
  </datafield>
  <datafield tag="650" ind1="1" ind2="4">
    <subfield code="a">Cine</subfield>
    <subfield code="9">103182</subfield>
  </datafield>
  <datafield tag="942" ind1=" " ind2=" ">
    <subfield code="2">ddc</subfield>
    <subfield code="c">CG</subfield>
    <subfield code="h">791.43</subfield>
    <subfield code="k"> E36f</subfield>
  </datafield>
</record>
